| 000 | 00610nam a2200217 u 4500 | ||
|---|---|---|---|
| 005 | 20240912063851.0 | ||
| 008 | 150427s2004 ag r 000 0 spa d | ||
| 020 | _a9507019359 | ||
| 035 | _aUPN01000203077 | ||
| 049 | _aI | ||
| 050 | 4 |
_aPZ74 _bD8.4 |
|
| 100 | 1 |
_aDulfano, Carla _934332 |
|
| 245 | 1 | 3 |
_aEl gigante y el enano / _cCarla Dulfano ; il. Claudia Degliuomini. |
| 260 |
_aBuenos Aires : _bAique, _c2004. |
||
| 300 |
_a[20] p. : _bil. col. |
||
| 440 | 0 | _aAique infantil | |
| 650 | 4 |
_aCuentos infantiles argentinos _97466 |
|
| 650 | 4 |
_aGIGANTES _918759 |
|
| 905 | _aInfantil | ||
| 999 |
_c175178 _d175178 |
||